LEADER 00893cam2 22002413 450 001 SOBE00041741 005 20140326104245.0 100 $a20140326d1976 |||||ita|0103 ba 101 $aita 102 $aIT 200 1 $a<<4: >>Testo$fGiorgio Vasari 210 $aFirenze$cSansoni$dstampa1976 215 $a706 p.$cill.$d27 cm. 461 1$1001SON0006056$12001 $a<>vite de' pił eccellenti pittori, scultori e architettori nelle redazioni del 1550 e 1568 / Giorgio Vasari ; Testo a cura di Rosanna Bettarini ; Commento secolare a cura di Paola Barocchi 801 0$aIT$bUNISOB$c20140326$gRICA 850 $aUNISOB 852 $aUNISOB$j700$m136709 912 $aSOBE00041741 940 $aM 102 Monografia moderna SBN 941 $aM 957 $a700$b001548$i-4.1$gSI$d136709$1rovito$2UNISOB$3UNISOB$420140326104036.0$520140326104147.0$6rovito 996 $aTesto$9148802 997 $aUNISOB LEADER 01421nam0 22003011i 450 001 VAN0037256 005 20221201010954.390 010 $a88-7146-155-X 100 $a20050617d1991 |0itac50 ba 101 $aita 102 $aIT 105 $a|||| ||||| 200 1 $aF77S il Fortran strutturato$elibreria di programmi$ealgoritmi di base, strutture dati, gestione degli archivi$fCarlo Savy, Paolo Donzelli 210 $aNapoli$cCuen$dc1991 215 $a411 p.$d24 cm 500 1$3VAN0246012$aF77S il Fortran strutturato$91423015 620 $dNapoli$3VANL000005 700 1$aSavy$bCarlo$3VANV015655$0651 701 1$aDonzelli$bPaolo$3VANV031056$07508 712 $aCuen$3VANV108076$4650 801 $aIT$bSOL$c20221209$gRICA 856 4 $u/sebina/repository/catalogazione/documenti/doc E I 042~00800520221201112715.pdf$zdoc E I 042~00800520221201112715.pdf 912 $aVAN0037256 950 $aBIBLIOTECA DEL DIPARTIMENTO DI INGEGNERIA$d05PREST E 090 $e05 429 20050617 950 $aBIBLIOTECA DEL DIPARTIMENTO DI INGEGNERIA$d05PREST E 091 $e05 114 20060522 950 $aBIBLIOTECA DEL DIPARTIMENTO DI INGEGNERIA$d05PREST E 092 $e05 2786 20050623 996 $aF77S il Fortran strutturato$91423015 997 $aUNISOB